000 004300000a22001690004500
003 MACL
005 20151229151146.0
008 151229b xxu||||| |||| 00| 0 eng d
040 _aMACL
_cMACL
041 _aEnglish
082 _a100/STA
100 _aStace, W T
_924025
245 _aA Critical History of Greek Philosophy
260 _bMacmillan & co
_c1956
_aLondon
650 _aPhilosophy
_924026
942 _cBK
_k100/Sta
_2ddc
999 _c35532
_d35532